| 000 | 005470000a22001810004500 | ||
|---|---|---|---|
| 003 | MACL | ||
| 005 | 20160318135805.0 | ||
| 008 | 160318b xxu||||| |||| 00| 0 eng d | ||
| 040 |
_aMACL _cMACL |
||
| 041 | _aHindi | ||
| 082 | _a910.541 | ||
| 100 |
_aचौधरी रघुनाथ्ा _947204 |
||
| 245 | _aअसम: एक इंसानी भूचाल | ||
| 260 |
_bप्रकाश प्रकाशन _c1983 _aनई दिल्ली |
||
| 350 | _a50 | ||
| 650 |
_aGeography _947206 |
||
| 942 |
_cHIN _k910.541 _2ddc |
||
| 999 |
_c39530 _d39530 |
||